| 000 | 01107cab a2200193 4500 | ||
|---|---|---|---|
| 001 | ##L134435 | ||
| 008 | 060807n2006 000 0 eng u | ||
| 035 | _a(Sirsi) u134435 | ||
| 041 | 0 | _aeng | |
| 100 | 1 | _aEnemark, Stig | |
| 245 | 0 | 4 | _aThe emerging land management paradigm - a major challenge for the global surveying community |
| 260 | _c2006 | ||
| 490 | 0 |
_aGeomatics World _v14(5)July/ August 2006, 20-25(6) |
|
| 520 | _aProvides a detailed reference point for the current state of land management in developed countries, charts a course for the future and looks at how education must change to meet the new paradigm. Covers the land management paradigm, cadastral systems, land administration systems, integrated land-use management, capacity development in land administration and the educational, professional and institutional challenges including the role of the Federation Internationale de Geometres. Figures. References. | ||
| 590 | _aIKA010806 | ||
| 651 | 4 | _aInternational | |
| 690 | _aPROPERTY-RURAL AND NATURAL ASSETS-RURAL AND NATURAL ASSET MANAGEMENT-LAND MANAGEMENT | ||
| 942 | _n0 | ||
| 999 |
_c77525 _d77525 |
||